South Eastern Kenya University

Library Online Public Access Catalogue


New perspectives on public services : (Record no. 12917)

MARC details
000 -LEADER
fixed length control field 00803cam a2200265 a 4500
001 - CONTROL NUMBER
control field 17227950
003 - CONTROL NUMBER IDENTIFIER
control field OSt
005 - DATE AND TIME OF LATEST TRANSACTION
control field 20160421124733.0
008 - FIXED-LENGTH DATA ELEMENTS--GENERAL INFORMATION
fixed length control field 120327s2012 enkab 001 0 eng d
010 ## - LIBRARY OF CONGRESS CONTROL NUMBER
LC control number 2011276798
016 7# - NATIONAL BIBLIOGRAPHIC AGENCY CONTROL NUMBER
Record control number 015898920
Source Uk
020 ## - INTERNATIONAL STANDARD BOOK NUMBER
International Standard Book Number 9780199603831
020 ## - INTERNATIONAL STANDARD BOOK NUMBER
International Standard Book Number 0199603839
035 ## - SYSTEM CONTROL NUMBER
System control number (OCoLC)ocn754720565
040 ## - CATALOGING SOURCE
Original cataloging agency SEKU
042 ## - AUTHENTICATION CODE
Authentication code lccopycat
050 00 - LIBRARY OF CONGRESS CALL NUMBER
Classification number JF 1351
Item number .P6
100 1# - MAIN ENTRY--PERSONAL NAME
Personal name Pollitt, Christopher.
245 10 - TITLE STATEMENT
Title New perspectives on public services :
Remainder of title place and technology /
Statement of responsibility, etc. Christopher Pollitt.
260 ## - PUBLICATION, DISTRIBUTION, ETC. (IMPRINT)
Place of publication, distribution, etc. Oxford ;
-- New York :
Name of publisher, distributor, etc. Oxford University Press,
Date of publication, distribution, etc. 2012.
300 ## - PHYSICAL DESCRIPTION
Extent xvii, 247 p. :
Other physical details ill., maps ;
Dimensions 24 cm.
504 ## - BIBLIOGRAPHY, ETC. NOTE
Bibliography, etc Includes bibliographical references (p. 210-229) and index.
650 #0 - SUBJECT ADDED ENTRY--TOPICAL TERM
Topical term or geographic name as entry element Public administration.
942 ## - ADDED ENTRY ELEMENTS (KOHA)
Source of classification or shelving scheme Library of Congress Classification
Koha item type General circulation
Holdings
Withdrawn status Lost status Source of classification or shelving scheme Damaged status Not for loan Home library Current library Shelving location Date acquired Source of acquisition Total Checkouts Full call number Barcode Date last seen Price effective from Koha item type Public note
    Library of Congress Classification     Main Campus Library Main Campus Library General Stacks 21/04/2016 Donation- Books for Africa   JF 1351 .P6 2016/016529 21/04/2016 21/04/2016 General circulation stv
Kitui, Kenya.
+254736116989
library@seku.ac.ke